| 000 | 01080nas a2200349 4500 | ||
|---|---|---|---|
| 001 | BR0103169 | ||
| 003 | BR-BrBNA | ||
| 005 | 20231205102327.0 | ||
| 007 | ta | ||
| 008 | 230509b bl.|||p| |||| 00| 00por d | ||
| 040 |
_aBR-BrBNA _bpor _cBiblioteca Nacional de Agricultura |
||
| 041 | _a(Pt) | ||
| 072 | _aL51 | ||
| 100 | 1 | _aGeraseev, L.C. | |
| 100 | 1 | _aPerez, J.R.O. | |
| 100 | 1 | _aSantos, C.L. dos | |
| 100 | 1 | _aResende, K.T. de | |
| 100 | 1 | _aTeixeira, J.C. | |
| 100 | 1 | _aSilva, R.H. da | |
| 245 | 1 | _aComposicao corporal e exigencias nutricionais de magnesio, potassio e sodio de cordeiros Santa Ines em crescimento dos 15 Kg aos 25 Kg de peso vivo | |
| 650 | _aOvino | ||
| 650 | _aSodio | ||
| 650 | _aPotassio | ||
| 650 | _aMagnesio | ||
| 650 | _aFisiologia Animal | ||
| 650 | _aExigencia Nutricional | ||
| 650 | _aCrescimento | ||
| 650 | _aPeso | ||
| 773 | 0 |
_tRevista Brasileira de Zootecnia (Brazil) _xISSN 1516-3598 _g(Nov-Dec 2000), v. 29(6)Suplemento 2 p. 2338-2346 _wBR0103169 |
|
| 909 |
_a202311 _bLúcia _c55 _dLúcia Elande |
||
| 942 |
_2AGRIS _n0 _cANA |
||
| 999 |
_c166996 _d166996 |
||